Introduction To Mechatronics And Measurement Systems (Record no. 200860)
[ view plain ]
| 000 -LEADER | |
|---|---|
| fixed length control field | 00517nam a2200181Ia 4500 |
| 008 - FIXED-LENGTH DATA ELEMENTS--GENERAL INFORMATION | |
| fixed length control field | 230714s9999 xx 000 0 und d |
| 020 ## - INTERNATIONAL STANDARD BOOK NUMBER | |
| International Standard Book Number | 9780000000000 |
| 041 ## - LANGUAGE CODE | |
| Language code of text/sound track or separate title | eng |
| 082 ## - DEWEY DECIMAL CLASSIFICATION NUMBER | |
| Classification number | 621 |
| Item number | ALC |
| 100 ## - MAIN ENTRY--PERSONAL NAME | |
| Personal name | Alciatore D.G. |
| 245 ## - TITLE STATEMENT | |
| Title | Introduction To Mechatronics And Measurement Systems |
| 250 ## - EDITION STATEMENT | |
| Edition statement | 3rd Ed. |
| 260 ## - PUBLICATION, DISTRIBUTION, ETC. (IMPRINT) | |
| Date of publication, distribution, etc. | 2010 |
| Name of publisher, distributor, etc. | Tata McGraw-Hill |
| 300 ## - PHYSICAL DESCRIPTION | |
| Extent | 509 |
| 365 ## - TRADE PRICE | |
| Currency code | Rs. |
| Price amount | 450.00 |
| 700 ## - ADDED ENTRY--PERSONAL NAME | |
| Personal name | Alciatore D.G. & Histand M.B. |
| 9 (RLIN) | 188608 |
| 906 ## - LOCAL DATA ELEMENT F, LDF (RLIN) | |
| d | O:0089709-Jul-2010B:109225-Jun-2010 |
| c | ME INS |
| b | 562.5 |
No items available.